| 000 | 00605nam a22001937a 4500 | ||
|---|---|---|---|
| 005 | 20140723160644.0 | ||
| 010 | _aENG-109978 | ||
| 020 |
_c675.00 _a9788171326495 |
||
| 035 | _aEN-93511 | ||
| 037 | _bDBAD/PUB | ||
| 082 | _a631.5210954 | ||
| 100 | _aTrivedi, P.C. | ||
| 245 | 0 | 0 |
_aSeed technology and quality control / _cby P.C. Trivedi |
| 260 |
_aJaipur _bPointer Publishers _c2011 |
||
| 270 |
_a807,Vyas Buliding, S.M.S.Highway _bJaipur _e302003 |
||
| 300 |
_axii,196p. _c22cm(Hb) |
||
| 500 | _aIncludes bibliographical references and index | ||
| 942 |
_2ddc _cEN _mTRI _h631.5210954 |
||
| 999 |
_c84045 _d84045 |
||